Rethinking comparative cultural sociology : repertoires of evaluation in France and the United States
Saved in:
| Other Authors: | , |
|---|---|
| Format: | Book |
| Language: | English |
| Published: |
Cambridge :
Cambridge University Press,
c2000.
|
| Series: | Cambridge cultural social studies
|
| Subjects: | |
| Tags: |
Add Tag
No Tags, Be the first to tag this record!
|
MARC
| LEADER | 00000nam a2200000 a 4500 | ||
|---|---|---|---|
| 001 | 1/127412 | ||
| 008 | 231005s2000####enk| ||| |||| ||eng|| | ||
| 020 | |a 0521787947 |q (χαρτόδετο) | ||
| 040 | |a GR-MyUa |b gre |c GR-MyUa |e AACR2 | ||
| 041 | 0 | |a eng | |
| 082 | 7 | |a 301.0723 |2 (23) | |
| 245 | 0 | 0 | |a Rethinking comparative cultural sociology : |b repertoires of evaluation in France and the United States / |c edited by Michele Lamont and Laurent Thevenot. |
| 260 | |a Cambridge : |b Cambridge University Press, |c c2000. | ||
| 300 | |a 375 σ. ; |c 23 εκ. | ||
| 490 | 1 | |a (Cambridge cultural social studies) | |
| 504 | |a Βιβλιογραφία : σ. 328-366. Ευρετήριο. | ||
| 650 | 0 | |a Sociology |x Comparative method |v Case studies. | |
| 650 | 0 | |a Evaluation |v Cross-cultural studies. | |
| 650 | 0 | |a Evaluation |z France |v Case studies. | |
| 650 | 0 | |a Evaluation |z United States |v Case studies. | |
| 650 | 0 | |a Cognition and culture |z France |v Case studies. | |
| 650 | 0 | |a Cognition and culture |z United States |v Case studies. | |
| 700 | 1 | |a Lamont, Michele, |d 1957- |e edt | |
| 700 | 1 | |a Thévenot, Laurent, |e edtf | |
| 830 | 0 | |a Cambridge cultural social studies | |
| 852 | |a INST |b LESVOS |e 20231005 |h 301.0723 RET |p 005100065154 |q 005100065154 |t BK |y 0 | ||
| 970 | |a Καμάτσου |b Δέσποινα |z 05-10-2023 | ||